Last One Laughing UK S2 Quiz - Statistics

General Stats
  • This quiz has been taken 5 times
  • The average score is 11 of 18
Answer Stats
Hint Answer % Correct
Who was the reigning champ form S1? Bob Mortimer
100%
How many comedians took part as contestants? 10
67%
Who wins the show? David Mitchell
67%
Who forgets to not laugh in the arm wrestle? Diane Morgan
67%
What is the first thing that is eaten in the final challenge? Eclair
67%
Who is the first person to be given a red card? Gbemi
67%
What did Alan Carr have to say about Romesh's eye? 'It looks like a ____ in a tumble dryer.'? Grape
67%
Who is the main host of the show? Jimmy Carr
67%
Which comedian has the last name Giedroyc? Mel
67%
What is the last name of the first comedian in the intro? Ranganathan
67%
Who is the co-host? Roisin Canaty
67%
Who laughed after seeing Jimmy in the cupboard? Romesh Ranganathan
67%
What is his pet seagull? Ruth
67%
Which comedian's joker involved them dressing up as a chicken? Sam Campbell
67%
What Costco do they go to to shop for apricots? Croydon
33%
What is the name of the man that Bob makes up in his joker? Graham Lister
33%
My personal favorite line, Bob says in his joker, 'Shhhh, it's just ____' ? Lard
33%
The title of the show in the intro is emblazoned in what dining item? Plate
33%
No matching quizzes found
Score Distribution
Percent of People with Each Score
Percentile by Number Answered
Your Score History
You have not taken this quiz